000 00533nam a2200133Ia 4500
008 230917s9999||||xx |||||||||||||| ||und||
040 _e159547
_aMAIN
041 _aEnglish
082 _a891.43371109 RF298:BR
100 _aबहल, रश्मि
245 0 _aफणीश्वरनाथ रेणू और सतीनाथ भादुडृी के उपन्यासों का तुलनात्मक अध्ययन
260 _bदिल्ली
_cसूर्य- प्रकाशन
942 _cHN
999 _c65399
_d65399